000 00909cam a2200325 4500500
005 20260329005305.0
041 _afre
042 _adc
100 1 0 _aGherca, Stefania
_eauthor
700 1 0 _aLacroix, Alexandre
_eauthor
245 0 0 _aCe que l’exception nous apprend sur la règle
260 _c2023.
500 _a57
690 _aBourdieu
690 _aDéterminisme
690 _aDomination
690 _aFrançois Dubet
690 _aHonte
690 _aLutte des classes
690 _aMarx
690 _aMérite
690 _aMéritocratie
690 _aMichael J. Sandel
690 _aRaymond Boudon
690 _aSociologie
690 _aSpinoza
690 _aTransclasse
786 0 _nPhilosophie magazine | 168 | 4 | 2023-04-01 | p. 27-28 | 1951-1787
856 4 1 _uhttps://shs.cairn.info/magazine-philosophie-magazine-2023-4-page-27?lang=fr&redirect-ssocas=7080
999 _c1842025
_d1842025